[Event "SUI-ch U16"]
[Site "Biel"]
[Date "2022.07.18"]
[Round "2"]
[White "Kwiatkowski, Jakub1111"]
[Black "Gemelli, Romain"]
[Result "0-1"]
[WhiteElo "1770"]
[BlackElo "2045"]
[PlyCount "80"]
[EventDate "2022.07.18"]
[EventType "swiss"]
[EventRounds "7"]
[EventCountry "SUI"]
[SourceTitle "EXT 2023"]
[Source "ChessBase"]
[SourceDate "2022.10.05"]
[SourceVersion "1"]
[SourceVersionDate "2022.10.05"]
[SourceQuality "1"]

1. e4 c5 2. Nc3 Nc6 3. Nf3 e5 4. Bc4 d6 5. 0-0 Be7 6. d3 Nf6 7. a4 0-0 8. h3 Ne8 9. Ne1 Bg5 10. f4 exf4 11. Bxf4 Bxf4 12. Rxf4 Nc7 13. Qh5 Ne6 14. Rf2 Ne5 15. Ba2 a6 16. Nf3 Nf4 17. Nxe5 Nxh5 18. Nxf7 Rxf7 19. Bxf7+ Kh8 20. Bxh5 g6 21. Raf1 Be6 22. Rf6 Bg8 23. Bg4 Kg7 24. e5 dxe5 25. Ne4 Qe7 26. Rd6 Rd8 27. Rff6 c4 28. Rxd8 Qxd8 29. Rd6 Qa5 30. Rd7+ Kh6 31. Nf6 Qb6+ 32. d4 Qxf6 33. dxe5 Qxe5 34. Rxb7 Qe1+ 35. Kh2 Qe5+ 36. Kg1 Bd5 37. Rd7 Be6 38. Bxe6 Qxe6 39. Rd1 Qe3+ 40. Kh1 Qe2 0-1

[Event "SUI-ch 121st"]
[Site "Samnaun"]
[Date "2022.07.06"]
[Round "4"]
[White "Gemelli, Romain"]
[Black "Ferster, Fabian"]
[Result "1-0"]
[WhiteElo "2045"]
[BlackElo "2173"]
[PlyCount "67"]
[EventDate "2022.07.04"]
[EventType "swiss"]
[EventRounds "9"]
[EventCountry "SUI"]
[SourceTitle "CBM 209 Extra"]
[Source "ChessBase"]
[SourceDate "2022.09.30"]
[SourceVersion "1"]
[SourceVersionDate "2022.09.30"]
[SourceQuality "1"]

1. d4 Nf6 2. c4 g6 3. h4 c5 4. d5 Bg7 5. Nc3 d6 6. e4 e6 7. Be2 exd5 8. exd5 0-0 9. h5 Re8 10. h6 Bh8 11. Kf1 a6 12. Bg5 Nbd7 13. g3 b5 14. cxb5 Qb6 15. f3 axb5 16. Bxb5 Ba6 17. a4 Bxb5+ 18. axb5 Rxa1 19. Qxa1 Qb7 20. Nge2 Nxd5 21. Kf2 Ne5 22. Qd1 Nb4 23. Nc1 c4 24. Re1 Qd7 25. Kg2 Ned3 26. Nxd3 Nxd3 27. Rxe8+ Qxe8 28. Ne4 Qe5 29. Qa4 Qxb2+ 30. Kh3 f6 31. Qa8+ Kf7 32. Qxh8 fxg5 33. Qxb2 Nxb2 34. b6 1-0

[Event "Burgdorf op 19th"]
[Site "Burgdorf"]
[Date "2020.02.14"]
[Round "1"]
[White "Gemelli, Romain"]
[Black "Basso, Pier Luigi"]
[Result "0-1"]
[WhiteElo "1755"]
[BlackElo "2600"]
[PlyCount "82"]
[EventDate "2020.02.14"]
[EventType "swiss"]
[EventRounds "5"]
[EventCountry "SUI"]
[SourceTitle "CBM 194 Extra"]
[Source "ChessBase"]
[SourceDate "2020.03.31"]
[SourceVersion "1"]
[SourceVersionDate "2020.03.31"]
[SourceQuality "1"]

1. d4 d5 2. c4 c6 3. Nc3 Nf6 4. e3 e6 5. Nf3 Nbd7 6. Bd3 dxc4 7. Bxc4 b5 8. Bb3 Bb7 9. 0-0 a6 10. e4 c5 11. d5 c4 12. Bc2 e5 13. Be3 Bd6 14. Rc1 0-0 15. Ne2 Re8 16. Ng3 Bc5 17. Bxc5 Nxc5 18. Qe2 Bc8 19. h3 Bd7 20. b3 cxb3 21. axb3 a5 22. Qd2 Nb7 23. Bd3 Qb6 24. Qb2 Qd6 25. b4 Qxb4 26. Qxb4 axb4 27. Rc7 Nd6 28. Nxe5 Rxe5 29. f4 Re7 30. e5 Nxd5 31. exd6 Nxc7 32. dxe7 Re8 33. Re1 f6 34. Ne4 Rxe7 35. Nxf6+ Kf7 36. Ne4 h6 37. Kf2 Kf8 38. Kf3 Bc6 39. Rc1 Bb7 40. Rc5 b3 41. g4 Rxe4 0-1

[Event "EU Union-ch U14 17th"]
[Site "Mureck"]
[Date "2019.07.31"]
[Round "1"]
[White "Gemelli, Romain"]
[Black "Smirnova, Jekaterina1111"]
[Result "1/2-1/2"]
[WhiteElo "1768"]
[BlackElo "1372"]
[PlyCount "110"]
[EventDate "2019.07.31"]
[EventType "swiss"]
[EventRounds "9"]
[EventCountry "AUT"]
[SourceTitle "EXT 2020"]
[Source "ChessBase"]
[SourceDate "2019.10.17"]
[SourceVersion "1"]
[SourceVersionDate "2019.10.17"]
[SourceQuality "1"]

1. d4 e6 2. c4 c5 3. d5 exd5 4. cxd5 d6 5. Nc3 Nf6 6. Nf3 Be7 7. e4 Nbd7 8. Bf4 a6 9. a4 0-0 10. Bd3 Qc7 11. h3 b6 12. 0-0 c4 13. Bc2 Rb8 14. Nd4 Rb7 15. Nf5 Re8 16. Nd4 Ne5 17. Bh2 Qc5 18. Kh1 Nd3 19. Bg1 Nxe4 20. Bxd3 Nxc3 21. Bxh7+ Kxh7 22. Qh5+ Kg8 23. bxc3 g6 24. Qf3 Bf8 25. Rfd1 Bg7 26. a5 Bd7 27. axb6 Rxb6 28. Bh2 Be5 29. Rac1 Bxh2 30. Kxh2 Re5 31. Qf6 Rb8 32. Rb1 Qc7 33. Nf3 Rf5 34. Qd4 Rxb1 35. Rxb1 Bb5 36. Kg1 Rh5 37. Rd1 Qb7 38. Ne1 Re5 39. Kf1 Qe7 40. Qd2 Qb7 41. Nf3 Rf5 42. Qd4 Ba4 43. Re1 Qxd5 44. Re4 Bb5 45. Ke2 Qc5 46. Rh4 Qxd4 47. Rxd4 Rf6 48. Nd2 Re6+ 49. Kd1 Kf8 50. Nxc4 Bxc4 51. Rxc4 Re5 52. Ra4 a5 53. Kd2 Ke7 54. Ra1 Ke6 55. Kd3 Rd5+ 1/2-1/2